000 00408nam a2200145 i 4500
001 bg
100 1 _aKETCHUM, Milo S.
245 0 _aStructural engineers handbook :
_bdata for the design and construction /
_cMilo S. Ketchum.
260 _aNew York :
_bMcGraw-Hill Publishing Company,
_c1924.
040 _cBPK
041 _apol
080 _a624
942 _cKS
008 s pl f |000 0 pol
999 _c27646
_d27646
856 _uhttp://koha.tu.koszalin.pl/cgi-bin/koha/opac-detail.pl?biblionumber=27646
_yKatalog online BPK